Rates and equilibria of organic reactions : (Record no. 11849)

MARC details
000 -LEADER
fixed length control field 01345cam a2200337 i 4500
001 - CONTROL NUMBER
control field 2452398
003 - CONTROL NUMBER IDENTIFIER
control field EG-ScBUE
005 - DATE AND TIME OF LATEST TRANSACTION
control field 20250817093956.0
008 - FIXED-LENGTH DATA ELEMENTS--GENERAL INFORMATION
fixed length control field 890609r19891963nyua f b 001 0 eng d
020 ## - INTERNATIONAL STANDARD BOOK NUMBER
International Standard Book Number 0486660680
020 ## - INTERNATIONAL STANDARD BOOK NUMBER
International Standard Book Number 9780486660684
040 ## - CATALOGING SOURCE
Original cataloging agency DLC
Language of cataloging eng
Description conventions rda
Transcribing agency DLC
Modifying agency DLC
-- EG-ScBUE
082 04 - DEWEY DECIMAL CLASSIFICATION NUMBER
Classification number 547.1392
Edition number 22
Item number LEF
100 1# - MAIN ENTRY--PERSONAL NAME
Personal name Leffler, John E.,
Relator term author.
9 (RLIN) 6230
245 10 - TITLE STATEMENT
Title Rates and equilibria of organic reactions :
Remainder of title as treated by statistical, thermodynamic, and extrathermodynamic methods /
Statement of responsibility, etc John E. Leffler, Florida State University and Ernest Grunwald, Brandes University.
250 ## - EDITION STATEMENT
Edition statement Reprint edition.
264 #1 - PUBLICATION, DISTRIBUTION, ETC. (IMPRINT)
Place of publication, distribution, etc New York :
Name of publisher, distributor, etc Dover Publications,
Date of publication, distribution, etc 1989.
300 ## - PHYSICAL DESCRIPTION
Extent xvi, 458 pages :
Other physical details illustrations ;
Dimensions 22 cm
336 ## - CONTENT TYPE
Source rdacontent
Content type term text
Content type code txt
337 ## - MEDIA TYPE
Media type term unmediated
Source rdamedia
Media type code n
338 ## - CARRIER TYPE
Carrier type term volume
Carrier type code nc
Source rdacarrier
500 ## - GENERAL NOTE
General note Reprint. Originally published: New York : Wiley, c1963.
504 ## - BIBLIOGRAPHY, ETC. NOTE
Bibliography, etc Includes bibliographical references and index.
650 #7 - SUBJECT ADDED ENTRY--TOPICAL TERM
Topical term or geographic name as entry element Chemical equilibrium.
Source of heading or term BUEsh
9 (RLIN) 6232
650 #7 - SUBJECT ADDED ENTRY--TOPICAL TERM
Topical term or geographic name as entry element Chemical kinetics.
9 (RLIN) 6233
Source of heading or term BUEsh
650 #7 - SUBJECT ADDED ENTRY--TOPICAL TERM
Topical term or geographic name as entry element Chemistry, Organic.
9 (RLIN) 6234
Source of heading or term BUEsh
655 ## - INDEX TERM--GENRE/FORM
Form subdivision Reading book
700 1# - ADDED ENTRY--PERSONAL NAME
Personal name Grunwald, Ernest,
Dates associated with a name 1923-
Relator term author.
9 (RLIN) 6235
856 42 - ELECTRONIC LOCATION AND ACCESS
Materials specified Publisher description
Uniform Resource Identifier <a href="http://www.loc.gov/catdir/description/dover033/89011941.html">http://www.loc.gov/catdir/description/dover033/89011941.html</a>
942 ## - ADDED ENTRY ELEMENTS (KOHA)
Source of classification or shelving scheme Dewey Decimal Classification
Koha item type Book - Borrowing
Holdings
Withdrawn status Lost status Source of classification or shelving scheme Damaged status Not for loan Collection code Home library Current library Shelving location Date acquired Source of acquisition Cost, normal purchase price Total Checkouts Full call number Barcode Date last seen Price effective from Koha item type
    Dewey Decimal Classification     Alef-Baa Central Library Central Library First floor 16/06/2009   150.00   547.1392 LEF 000016847 15/07/2025 16/06/2009 Book - Borrowing